[Event "Sparkassen-Open A"]
[Site "Heusenstamm, Martinsee"]
[Date "2023.11.24"]
[Round "6.43"]
[White "Kim, David"]
[Black "Memmeler, Björn"]
[Result "1/2-1/2"]
[WhiteElo "1568"]
[BlackElo "1691"]
[PlyCount "41"]
[EventDate "2024.11.21"]
[WhiteTeam "SV 1920 Hofheim"]
[BlackTeam "Schachfüchse Kempen 1986 e. V."]

1. e4 c5 2. Nc3 Nc6 3. Nf3 g6 4. d4 cxd4 5. Nxd4 Bg7 6. Be3 a6 7. Rb1 e6 8. Bc4 Nge7 9. O-O O-O 10. Qd2 b5 11. Be2 Bb7 12. a3 d5 13. exd5 Nxd5 14. Nxd5 Nxd4 15. Bxd4 Bxd4 16. Qxd4 Bxd5 17. Rbd1 Qc7 18. Rd2 Rac8 19. Re1 Rfd8 20. Red1 Bc4 21. Qe3 1/2-1/2

[Event "Sparkassen-Open A"]
[Site "Heusenstamm, Martinsee"]
[Date "2023.11.24"]
[Round "6.44"]
[White "Li, Xiao Teng"]
[Black "Eitel, Liz"]
[Result "1/2-1/2"]
[WhiteElo "1680"]
[BlackElo "1546"]
[PlyCount "62"]
[EventDate "2024.11.21"]
[WhiteTeam "SK Bad Homburg 1927"]
[BlackTeam "SAbt SV Werder Bremen"]

1. c4 Nf6 2. d4 e6 3. Nc3 d5 4. Bg5 Bb4 5. Nf3 c5 6. e3 Qa5 7. Qb3 Ne4 8. Rc1 Bxc3+ 9. bxc3 O-O 10. Bd3 cxd4 11. exd4 dxc4 12. Qxc4 Nxg5 13. Nxg5 Qxg5 14. O-O Qd5 15. Qa4 Nd7 16. Qc2 Nf6 17. Be2 Qe4 18. Bd3 Qh4 19. h3 Qg5 20. Rce1 Qd5 21. Re5 Qc6 22. g4 h6 23. Kh2 b6 24. g5 hxg5 25. Rxg5 Qd6+ 26. f4 g6 27. Bxg6 Kh8 28. Bd3 Bb7 29. Qf2 Nh7 30. Qh4 f5 31. Rfg1 Qd7 1/2-1/2

[Event "Sparkassen-Open A"]
[Site "Heusenstamm, Martinsee"]
[Date "2023.11.24"]
[Round "6.47"]
[White "Tomovski, Leon"]
[Black "Leichum, Engelbert"]
[Result "1-0"]
[WhiteElo "1495"]
[BlackElo "1658"]
[PlyCount "89"]
[EventDate "2024.11.21"]
[WhiteTeam "Karlsruher SF 1853"]
[BlackTeam "Frankfurt"]

1. e4 e5 2. Nf3 Bc5 3. Nc3 Nf6 4. Bc4 d6 5. d3 Bg4 6. Bg5 c6 7. O-O b5 8. Bb3 Nbd7 9. h3 Bh5 10. a3 Nf8 11. Qe2 Ne6 12. Bh4 Nd4 13. Qd1 Nxf3+ 14. gxf3 g5 15. Bg3 Bg6 16. Kh2 h5 17. h4 g4 18. f4 exf4 19. Bxf4 Qc7 20. Qe2 O-O-O 21. e5 Rhe8 22. Rfe1 dxe5 23. Bg3 Nd7 24. a4 f5 25. Kh1 f4 26. Bh2 b4 27. Ne4 Be7 28. a5 Bxh4 29. a6 Bxe4+ 30. dxe4 g3 31. fxg3 fxg3 32. Bg1 Rg8 33. Bxg8 Rxg8 34. Kg2 Be7 35. Qxh5 Nf6 36. Qf5+ Kb8 37. c3 Ng4 38. cxb4 Bxb4 39. Red1 Bd6 40. Qe6 Rd8 41. Qxg4 Qh7 42. Rac1 Rg8 43. Qf3 Rf8 44. Qb3+ Kc8 45. Rxc6+ 1-0

[Event "Sparkassen-Open A"]
[Site "Heusenstamm, Martinsee"]
[Date "2023.11.24"]
[Round "6.51"]
[White "Müller, Jens"]
[Black "Boder, Jörg"]
[Result "1-0"]
[WhiteElo "1684"]
[BlackElo "1595"]
[PlyCount "149"]
[EventDate "2024.11.21"]
[WhiteTeam "SV 1920 Hofheim"]
[BlackTeam "SC ML Kastellaun"]

1. e4 e5 2. Nf3 Nc6 3. Bc4 Nf6 4. d3 Bc5 5. O-O O-O 6. a4 d6 7. c3 a6 8. Nbd2 Bd7 9. h3 Na5 10. Ba2 b5 11. b4 Nb7 12. bxc5 Nxc5 13. Nb3 Nxa4 14. Qc2 c5 15. Be3 Rc8 16. Nbd2 b4 17. c4 a5 18. Bb3 Nc3 19. Nb1 Nxb1 20. Rfxb1 Ra8 21. Ba4 Qc7 22. Nd2 Ra6 23. Nb3 Bxa4 24. Rxa4 Qd7 25. Rba1 Rfa8 26. Rxa5 Qc6 27. Rxa6 Rxa6 28. Rxa6 Qxa6 29. Qb1 Ne8 30. Qa1 Qc6 31. Qa7 Kf8 32. Nxc5 dxc5 33. Qxc5+ Qxc5 34. Bxc5+ Kg8 35. Bxb4 f6 36. Kf1 Kf7 37. Ke2 Ke6 38. Ke3 Nc7 39. f4 g6 40. g4 f5 41. g5 Na6 42. Ba3 Nb8 43. h4 Nc6 44. Bb2 exf4+ 45. Kxf4 Nb4 46. exf5+ gxf5 47. Ke3 f4+ 48. Ke4 f3 49. Kxf3 Nxd3 50. Bd4 Kf5 51. c5 Nb4 52. Bc3 Nc6 53. Bd2 Ne5+ 54. Kg3 Nc6 55. Be1 Ne5 56. Bf2 Nc6 57. Kf3 Nb4 58. Ke3 Ke5 59. Kd2 Nc6 60. Kc3 Kd5 61. Bg1 Ne5 62. Kb4 Kc6 63. Be3 Nd3+ 64. Kc4 Ne5+ 65. Kc3 Nf3 66. Bf2 Ne5 67. h5 Nf7 68. g6 hxg6 69. hxg6 Nh6 70. Kd4 Nf5+ 71. Ke5 Nh6 72. Kf6 Ng8+ 73. Ke6 Nh6 74. Be3 Ng8 75. Kf7 1-0

[Event "Sparkassen-Open A"]
[Site "Heusenstamm, Martinsee"]
[Date "2023.11.24"]
[Round "6.52"]
[White "Hellmann, Alexander"]
[Black "El-Lawindy, Asem"]
[Result "1/2-1/2"]
[WhiteElo "1556"]
[BlackElo "1680"]
[PlyCount "71"]
[EventDate "2024.11.21"]
[WhiteTeam "SJ Herborn 1998"]
[BlackTeam "VSG 1880 Offenbach"]

1. e4 e5 2. Nf3 Nc6 3. Bc4 Bc5 4. c3 Nf6 5. d4 exd4 6. e5 d5 7. Bb5 Ne4 8. cxd4 Bb4+ 9. Bd2 Nxd2 10. Nbxd2 Bd7 11. O-O O-O 12. Nb3 Nxe5 13. Bxd7 Nxf3+ 14. Qxf3 Qxd7 15. Rac1 c6 16. a3 Bd6 17. Rfe1 Rfe8 18. Nd2 Qc7 19. Kh1 Qb6 20. Qc3 Re6 21. Rxe6 fxe6 22. Nf3 h6 23. Kg1 Qc7 24. Re1 Re8 25. b4 Qd8 26. Ne5 Rf8 27. Qe3 Rf5 28. Ng4 Qe7 29. Qxe6+ Qxe6 30. Rxe6 Bc7 31. Rxh6 Rf4 32. Rh4 g5 33. Nh6+ Kg7 34. Rxf4 Bxf4 35. Nf5+ Kf6 36. Ne3 1/2-1/2

[Event "Sparkassen-Open A"]
[Site "Heusenstamm, Martinsee"]
[Date "2023.11.24"]
[Round "6.53"]
[White "Klockhaus, Daniel"]
[Black "Aravindhan, Aadvik"]
[Result "1-0"]
[WhiteElo "1666"]
[BlackElo "1529"]
[PlyCount "143"]
[EventDate "2024.11.21"]
[WhiteTeam "SJ Herborn 1998"]
[BlackTeam "Club Zukertort"]

1. c4 e6 2. g3 d5 3. d4 dxc4 4. Bg2 Nf6 5. Nf3 Be7 6. e3 O-O 7. Nc3 c5 8. Qa4 cxd4 9. Nxd4 Nbd7 10. Qxc4 Nb6 11. Qe2 Rb8 12. O-O Nbd5 13. Bd2 Nxc3 14. Bxc3 Nd5 15. Rac1 Nxc3 16. Rxc3 Bf6 17. Rd1 Qb6 18. Rb3 Qc5 19. Rc3 Qb6 20. Rb3 Qc5 21. Qb5 Bxd4 22. Rxd4 Qxb5 23. Rxb5 b6 24. Rb3 Bb7 25. Rd7 Bxg2 26. Kxg2 a5 27. a4 h6 28. Rd6 Rfc8 29. Rdxb6 Rxb6 30. Rxb6 Ra8 31. Kf3 Kf8 32. Ke4 Ke7 33. h4 Ra7 34. Rb5 f5+ 35. Ke5 g5 36. hxg5 hxg5 37. Rb6 Kf7 38. Rxe6 f4 39. Rf6+ Ke7 40. gxf4 gxf4 41. Rxf4 Rb7 42. Rd4 Rxb2 43. f4 Re2 44. e4 Ra2 45. f5 Ra3 46. Rc4 Ra2 47. Kd5 Rd2+ 48. Kc5 Ra2 49. Kb5 Rb2+ 50. Kxa5 Rb8 51. Rc6 Ra8+ 52. Ra6 Rc8 53. Kb5 Rb8+ 54. Rb6 Rc8 55. a5 Ra8 56. a6 Ra7 57. Rb7+ Rxb7+ 58. axb7 Kf6 59. b8=Q Kg5 60. f6 Kxf6 61. Qe8 Kg5 62. Qf7 Kg4 63. Qf6 Kg3 64. Qf5 Kg2 65. Qf4 Kg1 66. Qd2 Kh1 67. Qe2 Kg1 68. Kc4 Kh1 69. Kd3 Kg1 70. Ke3 Kh1 71. Kf3 Kg1 72. Qg2# 1-0

[Event "Sparkassen-Open A"]
[Site "Heusenstamm, Martinsee"]
[Date "2023.11.24"]
[Round "6.57"]
[White "Englert, Ann"]
[Black "Verin, Eric"]
[Result "1-0"]
[WhiteElo "1567"]
[BlackElo "1693"]
[PlyCount "77"]
[EventDate "2024.11.21"]
[WhiteTeam "TV-Großostheim 1900 e.V."]
[BlackTeam "SC Bergen-Enkheim 1922"]

1. d4 Nf6 2. c4 g6 3. f3 Bg7 4. e4 O-O 5. Nc3 d6 6. Be3 e5 7. d5 c6 8. Bd3 Nbd7 9. Qd2 Ne8 10. O-O-O Bh8 11. g4 a6 12. h4 cxd5 13. cxd5 Qc7 14. h5 b5 15. hxg6 fxg6 16. Kb1 Ndf6 17. Rc1 Qb7 18. Nce2 a5 19. Ng3 Ng7 20. Rc6 Ra6 21. Rxa6 Qxa6 22. Bg5 Nfe8 23. Qh2 h5 24. gxh5 gxh5 25. Nxh5 Kf7 26. Nxg7 Nxg7 27. Bh6 Qa7 28. Bxg7 Bxg7 29. Qh5+ Ke7 30. Qg5+ Ke8 31. Rh7 Rf7 32. Qg6 Qe7 33. Rxg7 Qf8 34. Rg8 Qxg8 35. Qxg8+ Rf8 36. Bxb5+ Ke7 37. Qg7+ Rf7 38. Qg5+ Kf8 39. Qd8+ 1-0

[Event "Sparkassen-Open A"]
[Site "Heusenstamm, Martinsee"]
[Date "2023.11.24"]
[Round "6.59"]
[White "Chiokadze, Barbare"]
[Black "Kanagaraj, Aarav"]
[Result "1/2-1/2"]
[WhiteElo "1644"]
[BlackElo "1572"]
[PlyCount "90"]
[EventDate "2024.11.21"]
[WhiteTeam "David Jojua Schachschule"]
[BlackTeam "TSV Schott Mainz"]

1. d4 Nf6 2. c4 g6 3. Nc3 Bg7 4. e4 d6 5. Be2 O-O 6. Bg5 Nbd7 7. Nf3 e5 8. d5 h6 9. Be3 Ng4 10. Bd2 f5 11. O-O Nc5 12. Ne1 Nf6 13. exf5 Bxf5 14. b4 Nce4 15. f3 Nxd2 16. Qxd2 e4 17. Rc1 Qe7 18. Qe3 Rfe8 19. fxe4 Nxe4 20. Nxe4 Qxe4 21. Qxe4 Bxe4 22. Bg4 h5 23. Be6+ Kh8 24. Nf3 Rf8 25. Ng5 Bf5 26. Bxf5 Rxf5 27. Rxf5 gxf5 28. Ne6 Rc8 29. Rf1 f4 30. Rxf4 c6 31. Nxg7 Kxg7 32. dxc6 bxc6 33. Rd4 Rd8 34. c5 d5 35. Rd3 Kf6 36. Kf2 Ke5 37. Rh3 Rh8 38. Ra3 Rh7 39. Ke3 Rg7 40. g3 d4+ 41. Ke2 Kd5 42. Rf3 Kc4 43. a3 Re7+ 44. Kd2 Rh7 45. h3 Rg7 1/2-1/2

[Event "Sparkassen-Open A"]
[Site "Heusenstamm, Martinsee"]
[Date "2023.11.24"]
[Round "6.60"]
[White "Moldenhauer, Nils"]
[Black "Junkers, Günter"]
[Result "1-0"]
[WhiteElo "1618"]
[BlackElo "1496"]
[PlyCount "62"]
[EventDate "2024.11.21"]
[WhiteTeam "SV Oberursel"]
[BlackTeam "SSG Rödermark/Eppertshausen"]

1. e4 e5 2. Nf3 Nc6 3. Bc4 d5 4. Bxd5 Qf6 5. d3 Bc5 6. Be3 Bxe3 7. fxe3 Nh6 8. O-O Ng4 9. Qe2 O-O 10. Nbd2 Ne7 11. Bb3 Be6 12. Nc4 Nc6 13. Nfxe5 Ncxe5 14. Rxf6 gxf6 15. h3 Nh6 16. Nxe5 fxe5 17. Qh5 Kg7 18. Qg5+ Kh8 19. Qxh6 Bxb3 20. axb3 Rg8 21. Qf6+ Rg7 22. Qxe5 a6 23. Rf1 Rf8 24. Qxc7 h6 25. Qxb7 Kh7 26. c4 Rfg8 27. Rxf7 Kh8 28. Rxg7 Rxg7 29. Qxa6 Kh7 30. c5 Rg6 31. Qxg6+ Kxg6 1-0

[Event "Sparkassen-Open A"]
[Site "Heusenstamm, Martinsee"]
[Date "2023.11.24"]
[Round "6.61"]
[White "Faisz, David"]
[Black "Sharma, Aarav"]
[Result "1/2-1/2"]
[WhiteElo "1525"]
[BlackElo "1598"]
[PlyCount "99"]
[EventDate "2024.11.21"]
[WhiteTeam "SK 1926 Ettlingen"]
[BlackTeam "SAbt TuS Makkabi Ffm"]

1. e4 e5 2. Nf3 Nc6 3. Bc4 Nf6 4. Ng5 d5 5. exd5 Na5 6. Bb5+ Bd7 7. Bd3 b6 8. Nc3 Bc5 9. O-O Ng4 10. Nf3 c6 11. h3 Nf6 12. Re1 O-O 13. dxc6 Nxc6 14. Nxe5 Nxe5 15. Rxe5 Qc8 16. Qf3 Re8 17. Rxe8+ Qxe8 18. Ne4 Nxe4 19. Qxe4 Qxe4 20. Bxe4 Re8 21. d3 Bd6 22. Be3 f5 23. Bd5+ Kf8 24. Re1 Rc8 25. c3 Rb8 26. d4 b5 27. a3 a5 28. b4 axb4 29. axb4 Rc8 30. Bd2 f4 31. Rc1 Bc6 32. c4 Bxd5 33. cxd5 Rxc1+ 34. Bxc1 Ke7 35. Bd2 Kf6 36. f3 g5 37. Kf2 h5 38. Ke2 Kf5 39. Kf2 h4 40. Ke2 Bc7 41. Kd3 Bd6 42. Ke2 Be7 43. d6 Bxd6 44. Kd3 Be7 45. Bc3 Bd6 46. Ke2 Ke6 47. Kd3 Kd5 48. Bd2 Be7 49. Bc3 Bf6 50. Bb2 1/2-1/2

[Event "Sparkassen-Open A"]
[Site "Heusenstamm, Martinsee"]
[Date "2023.11.24"]
[Round "6.62"]
[White "Niesel, Markus"]
[Black "Wolf, Helena"]
[Result "0-1"]
[WhiteElo "1519"]
[BlackElo "1598"]
[PlyCount "72"]
[EventDate "2024.11.21"]
[WhiteTeam "SV 1934 Ffm-Griesheim"]
[BlackTeam "SK Bad Homburg 1927"]

1. e4 c5 2. Nf3 d6 3. Nc3 Nf6 4. Bc4 g6 5. d3 Bg7 6. O-O O-O 7. Qe2 Nc6 8. a3 Bd7 9. Rb1 a6 10. Be3 Rc8 11. Rfd1 b5 12. Bb3 Qc7 13. h3 Na5 14. Ba2 Rb8 15. Bf4 b4 16. e5 Nh5 17. Nd5 Nxf4 18. Nxf4 dxe5 19. Nd5 Qd6 20. axb4 cxb4 21. Bc4 Nxc4 22. dxc4 Rbd8 23. Qe3 Rfe8 24. b3 Qb8 25. Nb6 Bf5 26. Ne1 Rd6 27. Nd5 e6 28. Qc5 exd5 29. Ra1 Rc8 30. Qe3 dxc4 31. bxc4 Rxc4 32. Qb3 Rxd1 33. Rxd1 Be6 34. Qb2 Qc8 35. Rd2 e4 36. Qc1 Bh6 0-1

[Event "Sparkassen-Open A"]
[Site "Heusenstamm, Martinsee"]
[Date "2023.11.24"]
[Round "6.63"]
[White "Kanagaraj, Thangavelu"]
[Black "Dick, Markus"]
[Result "1-0"]
[WhiteElo "1580"]
[BlackElo "1589"]
[PlyCount "122"]
[EventDate "2024.11.21"]
[WhiteTeam "TSV Schott Mainz"]
[BlackTeam "SV 1934 Ffm-Griesheim"]

1. d4 d5 2. Nf3 Nf6 3. g3 e6 4. Bg2 Be7 5. O-O O-O 6. c4 c6 7. Nc3 b6 8. cxd5 exd5 9. Ng5 h6 10. Nf3 Nbd7 11. Re1 Bb4 12. a3 Bxc3 13. bxc3 Re8 14. Bf4 Nf8 15. Ne5 Bb7 16. Qa4 c5 17. dxc5 bxc5 18. Nd3 Ne6 19. Be3 Qc7 20. h3 a6 21. Rab1 Rab8 22. Nf4 Red8 23. Nxe6 fxe6 24. Rbc1 Rbc8 25. h4 Nd7 26. Bh3 Re8 27. Qg4 Nf6 28. Qg6 Qf7 29. Qb1 Rc7 30. Qb6 Rc6 31. Qa5 Rec8 32. c4 d4 33. Bf4 Nh5 34. Be5 Rf8 35. Rf1 Nf6 36. Bg2 Rcc8 37. Bh3 Rc6 38. Rb1 Bc8 39. Bg2 Nd7 40. Bxc6 Nxe5 41. Bg2 Nxc4 42. Qe1 Nxa3 43. Rc1 Qe7 44. Qa5 Nb5 45. Rc2 Nc3 46. e3 e5 47. Re1 Qd6 48. Rd2 Rd8 49. exd4 exd4 50. Rb2 Nb5 51. Rc1 Be6 52. Re1 d3 53. Rd2 c4 54. Rdd1 c3 55. Rxd3 c2 56. Qxd8+ Qxd8 57. Rxd8+ Kf7 58. Rc1 Na3 59. Ra8 Bc4 60. Rd8 Ke7 61. Rd4 Bb5 1-0